Test (Record no. 20721)
[ view plain ]
| 000 -LEADER | |
|---|---|
| fixed length control field | 01651cam a2200469 a 4500 |
| 001 - CONTROL NUMBER | |
| control field | 20721 |
| 003 - CONTROL NUMBER IDENTIFIER | |
| control field | VRT |
| 005 - DATE AND TIME OF LATEST TRANSACTION | |
| control field | 20260130142252.0 |
| 008 - FIXED-LENGTH DATA ELEMENTS--GENERAL INFORMATION | |
| fixed length control field | 240226s1997 xo gra 000 f slo |
| 015 ## - NATIONAL BIBLIOGRAPHY NUMBER | |
| National bibliography number | SNBA1998/03-00909 |
| 020 ## - INTERNATIONAL STANDARD BOOK NUMBER | |
| International Standard Book Number | 8022007773 |
| 035 ## - SYSTEM CONTROL NUMBER | |
| System control number | SNK000125150 |
| 035 ## - SYSTEM CONTROL NUMBER | |
| System control number | urn:nbn:sk:snk-amkew3 |
| 035 ## - SYSTEM CONTROL NUMBER | |
| System control number | urn:nbn:sk:snk-am008g4x |
| 035 ## - SYSTEM CONTROL NUMBER | |
| System control number | 4C67B41D-24B8-43CA-8D9A-F229DCD6DE2D |
| 039 #9 - LEVEL OF BIBLIOGRAPHIC CONTROL AND CODING DETAIL [OBSOLETE] | |
| Level of rules in bibliographic description | 202406290731 |
| Level of effort used to assign nonsubject heading access points | csnk01 |
| Level of effort used to assign subject headings | 202402261825 |
| Level of effort used to assign classification | VLOAD |
| Level of effort used to assign subject headings | 202205120755 |
| Level of effort used to assign classification | VLOAD |
| Level of effort used to assign subject headings | 202008101632 |
| Level of effort used to assign classification | AUTHORITY |
| 040 ## - CATALOGING SOURCE | |
| Original cataloging agency | SNK |
| Language of cataloging | slo |
| Transcribing agency | SNK |
| Description conventions | AACR2 |
| 041 1# - LANGUAGE CODE | |
| Language code of text/sound track or separate title | slo |
| Language code of original | eng |
| 044 ## - COUNTRY OF PUBLISHING/PRODUCING ENTITY CODE | |
| MARC country code | xo |
| ISO country code | SK |
| 072 #7 - SUBJECT CATEGORY CODE | |
| Subject category code | 821.111-3 |
| Subject category code subdivision | Anglická próza, anglicky písaná |
| Source | konspekt |
| 080 ## - UNIVERSAL DECIMAL CLASSIFICATION NUMBER | |
| Universal Decimal Classification number | 821.111-31 |
| Edition identifier | 2011 |
| 100 1# - MAIN ENTRY--PERSONAL NAME | |
| Personal name | Francis, Dick, |
| Dates associated with a name | 1920-2010 |
| Relationship | aut |
| 240 10 - UNIFORM TITLE | |
| Uniform title | Trial run |
| Language of a work | Slovensky |
| 245 10 - TITLE STATEMENT | |
| Title | Test |
| Statement of responsibility, etc. | Dick Francis ; preklad Rudolf Lesňák |
| 250 ## - EDITION STATEMENT | |
| Edition statement | 1. vyd. |
| 260 ## - PUBLICATION, DISTRIBUTION, ETC. | |
| Place of publication, distribution, etc. | Bratislava |
| Name of publisher, distributor, etc. | Slovenský spisovateľ |
| Date of publication, distribution, etc. | 1997 |
| 300 ## - PHYSICAL DESCRIPTION | |
| Extent | 173 s. |
| Dimensions | 21 cm |
| 490 1# - SERIES STATEMENT | |
| Series statement | Zelená knižnica |
| 500 ## - GENERAL NOTE | |
| General note | Preložené z angličtiny |
| 655 #7 - INDEX TERM--GENRE/FORM | |
| Genre/form data or focus term | anglické romány |
| Source of term | SNKPH |
| 655 #7 - INDEX TERM--GENRE/FORM | |
| Genre/form data or focus term | detektívne romány |
| Source of term | SNKPH |
| 700 1# - ADDED ENTRY--PERSONAL NAME | |
| Personal name | Lesňák, Rudolf, |
| Dates associated with a name | 1955- |
| Relationship | trl |
| 830 #0 - SERIES ADDED ENTRY--UNIFORM TITLE | |
| Uniform title | Zelená knižnica |
| 942 ## - ADDED ENTRY ELEMENTS (KOHA) | |
| Source of classification or shelving scheme | Dewey Decimal Classification |
| Koha item type | Krásna literatúra pre dospelých |
| Suppress in OPAC | No |
| 949 ## - LOCAL PROCESSING INFORMATION (OCLC) | |
| 6 | 273K0214050 |
| a | svkpoA 171703 |
| b | svkpo427904 |
| 949 ## - LOCAL PROCESSING INFORMATION (OCLC) | |
| 6 | 4710700348 |
| a | strmkB |
| b | strmk2008/348 |
| 949 ## - LOCAL PROCESSING INFORMATION (OCLC) | |
| 6 | 270001000004661 |
| a | svkbbA 95326 |
| p | 614.524 |
| 949 ## - LOCAL PROCESSING INFORMATION (OCLC) | |
| 6 | 17A0100838 |
| 9 | P60, <03>, [BOOK], {603} |
| a | snkSC 94268 |
| b | snkKSP 10735/97 |
| s | 6100:20140925 |
| 949 ## - LOCAL PROCESSING INFORMATION (OCLC) | |
| 6 | 17A0100839 |
| 9 | P60, <05>, [BOOK], {605} |
| a | snkSC 94268 D1 |
| b | snkKSP 10736/97 |
| Stav vyradenia | Strata | Poškodenie | Spôsob nadobudnutia | Domovská knižnica | Aktuálna knižnica | Dátum nadobudnutia | Total checkouts | Čiarový kód exemplára | Date last seen | Typ exemplára |
|---|---|---|---|---|---|---|---|---|---|---|
| Dar | Obecná knižnica Horná Štubňa | Obecná knižnica Horná Štubňa | 30.01.2026 | 9788022007771 | 30.01.2026 | Krásna literatúra pre dospelých |
